000 00437nam a2200169 a 4500
005 20140310183507.0
008 100918s19uu xx 00 eng d
020 _a0373287569
050 _aPN 6071
_b.C489 1993
100 _aChastain, Sandra
245 _aJasmine and silk /
260 _aToronto, Canada :
_bHarlequin Historical,
_c1993.
300 _a301 p. :
_c18 cm.
650 _aFiction
942 _cBK
_2lcc
999 _c24087
_d24087